Украина на «Евровидении» - Statistics

General Stats
  • This quiz has been taken 127 times
    45 since last reset
  • The average score is 10 of 21
Answer Stats
Год Исполнитель Песня % Correct
2004 Руслана «Wild Dances»
86%
2007 Верка Сердючка «Dancing Lasha Tumbai»
84%
2016 Джамала «1944»
84%
2022 Kalush Orchestra «Stefania»
73%
2020 Go_A «Solovey»
68%
2021 Go_A «SHUM»
68%
2025 Ziferblat «Bird of Pray»
66%
2006 Тина Кароль «Show Me Your Love»
61%
2018 Melovin «Under the Ladder»
57%
2009 Светлана Лобода «Be My Valentine! (Anti-Crisis Girl)»
52%
2008 Ани Лорак «Shady Lady»
50%
2024 Alyona Alyona и Jerry Heil «Teresa & Maria»
41%
2023 TVORCHI «Heart of Steel»
39%
2013 Злата Огневич «Gravity»
36%
2003 Александр Пономарёв «Hasta la Vista, Baby»
30%
2012 Гайтана «Be My Guest»
27%
2011 Мика Ньютон «Angel»
25%
2010 Alyosha «Sweet People»
25%
2017 O.Torvald «Time»
25%
2005 Гринджолы «Разом нас багато»
20%
2014 Мария Яремчук «Tick-Tock»
16%
No matching quizzes found
Score Distribution
Percent of People with Each Score
Percentile by Number Answered
Your Score History
You have not taken this quiz since the last reset